Leader xxxxxxxxxx
001 __ PCLIS00045203
005 __ 20220912134115.0
010 0_ |a978-986-272-235-0|b平裝|dNT$290
100 __ |a20121126d2012 m y0chiy09 e
101 0_ |achi
102 __ |atw
105 __ |aa t 000cy
200 1_ |a接接在日本|h3|f接接(Jae Jae)圖.文
205 __ |a初版
210 __ |a臺北市|c商周出版|c家庭傳媒城邦分公司發行|d2012[民101]
215 0_ |a235面|c彩圖|d22公分
225 1_ |aColorful|v29
300 __ |a書背及封面副題名: 台灣、日本我的家
300 __ |a本館最新館藏為2016年17刷
300 __ |a作者號由t038補0(1020391), 由t561刪除
517 1_ |a台灣、日本我的家|zchi
517 1_ |a台灣.日本我的家|zchi
681 __ |a855|b844
681 __ |a855|b844 v.3
681 __ |a855|b8440 2012
700 _0 |a接接|c(Jae Jae)|4圖.文
801 _0 |atw|b內湖高中|c20121126|gCCR
|